Find these Music Logos - Statistics

General Stats
  • This quiz has been taken 79 times
  • The average score is 5 of 16
Answer Stats
Picture Answer % Correct
The Rolling Stones
89%
Queen
56%
Fun Radio
53%
ACDC
46%
Marshmello
46%
Avicii
43%
BTS
40%
Sony Music
27%
Warner Music
26%
Tomorrowland
14%
Monstercat
11%
Martin Garrix
9%
DJ Snake
6%
KSHMR
4%
Ultra
4%
Dharma Worldwide
1%
No matching quizzes found
Score Distribution
Percent of People with Each Score
Percentile by Number Answered
Your Score History
You have not taken this quiz